000 03908nam2a22004211 4500
001 v19\rc\1907745
005 20251118180543.0
035 _a(NLR Aleph) 004996769
090 _a6343989
_c6343989
100 _a20080404d1914 u y0rusy50 ca
101 1 _arus
_cger
102 _aRU
105 _aa b |||||
200 1 _a[О поступательном движении бумажной ленты в самопишущих динамометрах, вызываемом ведущим колесом
_f[Соч.] инж. Р. Бернштейна
_gПер. Г.И. Гейзе
210 _d1914
215 _a[4], 194 с., 1 л. табл.
_cчерт.
423 0 _11011#$arus$cita
_12001#$aИтальянский Динамометр "Federazione"$fПо пер. итал. наставления, сдел. В.С. Пушницким$gСост. В. Дудниковым [и др.]
_153213$aИтальянский Динамометр Federazione
_1700#1$aДудников$bВ.$4220
_tИтальянский Динамометр "Federazione"
_aДудников, В.
423 0 _11010#$arus
_12001#$aАппарат для практически-точного испытания пружин и механизма индикатора$f[Соч.] инж.-мех. Карташова
_1700#1$aКарташов
_tАппарат для практически-точного испытания пружин и механизма индикатора
_aКарташов
423 0 _11010#$arus
_12001#$aМикро-индикатор для быстроходных машин$f[Соч.] Инж. О. Мадера
_1700#1$aМадер$bО.
_tМикро-индикатор для быстроходных машин
_aМадер, О.
423 0 _11010#$arus
_12001#$aКонструкция и расчет канатных тормозов$f[Соч.] Ю. Смальвуде
_1700#1$aСмальвуд$bЮ.
_tКонструкция и расчет канатных тормозов
_aСмальвуд, Ю.
423 0 _11011#$arus$cger
_12001#$aОпределение силы тяги почво-обрабатывающих орудий$f[Соч.] Бенно Мартини$gПер. Г. Гейзе и Е. Тарасова
_1700#1$aМартини$bБ.
_tОпределение силы тяги почво-обрабатывающих орудий
_aМартини, Б.
423 0 _11011#$arus$cger
_12001#$aПроблемы экспериментальной механики моторных плугов$f[Соч.] Инж. Р. Бернштейна$gПер. А. Трейвос
_1700#1$aБернштейн
_tПроблемы экспериментальной механики моторных плугов
_aБернштейн
461 0 _1001v19\rc\1907742
_12001#$aПрограммы и методы испытания сельскохозяйственных машин и орудий$eВып. 1-3$fБюро по с.-х. механике при Учен. ком. Г.У.З. и З.$vВып. 3
_96343960
_cСанкт-Петербург
_d1911-1914
_fБюро по с.-х. механике при Учен. ком. Г.У.З. и З.
_oВып. 1-3
_p3 т.
_tПрограммы и методы испытания сельскохозяйственных машин и орудий
_vВып. 3
540 1 _aО поступательном движении бумажной ленты в самопишущих динамометрах, вызываемом ведущим колесом
700 1 _aБернштейн
702 1 _aГейзе
_bГ.И.
_4730
702 1 _aПушницкий
_bВ.С.
_4730
702 1 _aТарасова
_bЕ.
_4730
702 1 _aТрейвос
_4730
801 0 _aRU
_bNLR
_gpsbo
801 0 _aRU
_bRuMoRGB
_2psbo
801 1 _aRU
_bProSoft-M
_2rusmarc
852 _aNLR
_j37.39.4.39(3)
899 _aRuMoRGB
_jV 58/310
899 _aRuMoRGB
_jV 200/606
899 _aБАН
942 _cBOOK
980 _aNB